[Event "Porto San Giorgio Weekend-B 14th"]
[Site "Porto San Giorgio"]
[Date "2011.11.20"]
[Round "2"]
[White "Claudino, Da Graca Carlos"]
[Black "Bonoli, Luciano"]
[Result "1/2-1/2"]
[WhiteElo "1616"]
[BlackElo "1764"]
[PlyCount "88"]
[EventDate "2011.11.19"]
[EventType "swiss"]
[EventRounds "6"]
[EventCountry "ITA"]
[SourceTitle "EXT 2024"]
[Source "ChessBase"]
[SourceDate "2023.10.10"]
[SourceVersion "1"]
[SourceVersionDate "2023.10.10"]
[SourceQuality "1"]

1. d4 Nf6 2. c4 g6 3. Nc3 d5 4. Bf4 c6 5. e3 Bg7 6. Nf3 0-0 7. Qb3 e6 8. Bd3 dxc4 9. Bxc4 Nd5 10. Nxd5 exd5 11. Bd3 Qa5+ 12. Qc3 Qxc3+ 13. bxc3 Re8 14. 0-0 Nd7 15. Rfc1 c5 16. c4 cxd4 17. Nxd4 Nc5 18. Bf1 dxc4 19. Bxc4 Ne6 20. Nxe6 Bxe6 21. Rab1 Bxc4 22. Rxc4 b6 23. Rd1 Rad8 24. Rcc1 Rxd1+ 25. Rxd1 b5 26. Kf1 a5 27. Bd6 Bf8 28. Ke2 Rc8 29. Bxf8 Kxf8 30. Rd5 Rc2+ 31. Rd2 Rxd2+ 32. Kxd2 Ke7 33. Kd3 Kd6 34. Kd4 f6 35. f4 f5 36. h3 Kc6 37. g4 Kd6 38. gxf5 gxf5 39. e4 fxe4 40. Kxe4 b4 41. Kd4 a4 42. Kc4 b3 43. axb3 axb3 44. Kxb3 Kd5 1/2-1/2

[Event "Porto San Giorgio Weekend-B 13th"]
[Site "Porto San Giorgio"]
[Date "2010.11.27"]
[Round "4"]
[White "Bonoli, Luciano"]
[Black "Piergentili, Roberto"]
[Result "1/2-1/2"]
[WhiteElo "1774"]
[BlackElo "1791"]
[PlyCount "45"]
[EventDate "2010.11.20"]
[EventType "swiss"]
[EventRounds "6"]
[EventCountry "ITA"]
[SourceTitle "EXT 2024"]
[Source "ChessBase"]
[SourceDate "2023.10.10"]
[SourceVersion "1"]
[SourceVersionDate "2023.10.10"]
[SourceQuality "1"]

1. c4 e5 2. g3 Nf6 3. Bg2 d5 4. cxd5 Nxd5 5. Nc3 Nb6 6. Nf3 Nc6 7. 0-0 Be7 8. d3 0-0 9. Be3 Be6 10. a3 Nd4 11. Nxe5 Bb3 12. Qd2 Nc2 13. Rac1 Nxe3 14. Qxe3 Nd5 15. Nxd5 Bxd5 16. Bxd5 Qxd5 17. Nf3 Rfe8 18. Qd4 Qxd4 19. Nxd4 Bf6 20. e3 Bxd4 21. exd4 c6 22. Rfe1 g6 23. Kf1 1/2-1/2

[Event "Porto San Giorgio Weekend-B 13th"]
[Site "Porto San Giorgio"]
[Date "2010.11.20"]
[Round "1"]
[White "Ibershimi, Lindita"]
[Black "Bonoli, Luciano"]
[Result "1-0"]
[WhiteElo "1560"]
[BlackElo "1774"]
[PlyCount "61"]
[EventDate "2010.11.20"]
[EventType "swiss"]
[EventRounds "6"]
[EventCountry "ITA"]
[SourceTitle "EXT 2024"]
[Source "ChessBase"]
[SourceDate "2023.10.10"]
[SourceVersion "1"]
[SourceVersionDate "2023.10.10"]
[SourceQuality "1"]

1. d4 Nf6 2. c4 e6 3. Nf3 c6 4. Nc3 d5 5. cxd5 exd5 6. Bg5 Be7 7. e3 Nbd7 8. Bd3 h6 9. Bf4 0-0 10. h3 Nb6 11. 0-0 Bd6 12. Ne5 Bxe5 13. Bxe5 Qe7 14. Qf3 Be6 15. Bxf6 Qxf6 16. Qxf6 gxf6 17. f3 Rac8 18. e4 dxe4 19. fxe4 Kg7 20. Rf3 Rg8 21. Raf1 Bc4 22. Rg3+ Kf8 23. Rxg8+ Kxg8 24. Bxc4 Nxc4 25. b3 Nb6 26. Rxf6 Kg7 27. e5 Nd5 28. Nxd5 cxd5 29. Rd6 Rc2 30. Rxd5 Rxa2 31. Rd7 1-0

[Event "Fermo Provinciale-ch FM"]
[Site "Porto San Giorgio"]
[Date "2010.01.30"]
[Round "4"]
[White "Bonoli, Luciano"]
[Black "Vannicola, Roberto"]
[Result "1-0"]
[WhiteElo "1771"]
[BlackElo "1398"]
[PlyCount "129"]
[EventDate "2010.01.23"]
[EventType "swiss"]
[EventRounds "6"]
[EventCountry "ITA"]
[SourceTitle "EXT 2024"]
[Source "ChessBase"]
[SourceDate "2023.10.10"]
[SourceVersion "1"]
[SourceVersionDate "2023.10.10"]
[SourceQuality "1"]

1. c4 c6 2. g3 d5 3. cxd5 cxd5 4. Bg2 Nf6 5. Nf3 b6 6. 0-0 Bb7 7. d4 e6 8. Bg5 Be7 9. Nc3 Nbd7 10. Nb5 a6 11. Bxf6 Nxf6 12. Nc3 0-0 13. Rc1 Rc8 14. a3 b5 15. Ne5 Nd7 16. Nf3 Nb6 17. Ne5 Nc4 18. Nxc4 Rxc4 19. e3 Qa5 20. Re1 Bxa3 21. Ra1 Rxc3 22. Qd2 Qc7 23. bxc3 Bd6 24. e4 Qc4 25. e5 Be7 26. Bf1 Qc6 27. Rec1 Qb6 28. Qa2 Rc8 29. Qb3 Bc6 30. Qa2 Ra8 31. Rab1 Qb7 32. Bg2 Qb6 33. h4 Bd7 34. c4 Qxd4 35. cxd5 Ra7 36. d6 Bd8 37. Qb2 Qb6 38. Kh2 a5 39. Rc2 a4 40. Bf1 Ra5 41. Qb4 g6 42. Qf4 a3 43. h5 g5 44. Qb4 a2 45. Ra1 Ra4 46. Qb3 Qd4 47. Raxa2 Rxa2 48. Rxa2 Kg7 49. Qb2 Qd5 50. Bg2 Qd1 51. Qd2 Qxh5+ 52. Kg1 Qg6 53. Ra7 Qb1+ 54. Bf1 Bc6 55. Ra2 Qe4 56. f3 Bb6+ 57. Kh2 Qg6 58. Kg2 Qf5 59. Be2 g4 60. Qf4 gxf3+ 61. Bxf3 Bxf3+ 62. Kxf3 Qd3+ 63. Kg4 Qg6+ 64. Qg5 h5+ 65. Kh4 1-0

[Event "Fermo Provinciale-ch FM"]
[Site "Porto San Giorgio"]
[Date "2010.01.24"]
[Round "2"]
[White "Bonoli, Luciano"]
[Black "Guglielmi, Dante"]
[Result "0-1"]
[WhiteElo "1771"]
[BlackElo "1910"]
[PlyCount "102"]
[EventDate "2010.01.23"]
[EventType "swiss"]
[EventRounds "6"]
[EventCountry "ITA"]
[SourceTitle "EXT 2024"]
[Source "ChessBase"]
[SourceDate "2023.10.10"]
[SourceVersion "1"]
[SourceVersionDate "2023.10.10"]
[SourceQuality "1"]

1. c4 Nf6 2. g3 g6 3. Bg2 Bg7 4. Nf3 0-0 5. 0-0 d5 6. cxd5 Nxd5 7. Nc3 c6 8. a3 Nd7 9. Nxd5 cxd5 10. d4 Nf6 11. Bf4 Qb6 12. Qc1 Be6 13. Qc5 Qxc5 14. dxc5 Ne4 15. Ng5 Nxg5 16. Bxg5 Bxb2 17. Rab1 Bxa3 18. Bxe7 Rfc8 19. Rxb7 Bxc5 20. Bxc5 Rxc5 21. Rb4 a5 22. Ra4 Bd7 23. Ra3 Bb5 24. Re1 Bc4 25. Rc3 Rac8 26. e3 Ba6 27. Ra3 Rc1 28. Ra1 Rxe1+ 29. Rxe1 Rc5 30. Ra1 a4 31. Bf1 Bxf1 32. Kxf1 Ra5 33. Ra3 Kf8 34. Ke2 Ke7 35. h4 Kd6 36. Kd3 Ke5 37. f3 h5 38. Kc3 f5 39. Kd3 Kd6 40. Kd4 Kc6 41. Ra1 a3 42. Ra2 Kb5 43. Rc2 a2 44. Rxa2 Rxa2 45. Kxd5 Rg2 46. e4 fxe4 47. fxe4 Rxg3 48. e5 Rd3+ 49. Ke4 Rd1 50. e6 Kc6 51. Ke5 Rf1 0-1

[Event "Fermo Provinciale-ch FM"]
[Site "Porto San Giorgio"]
[Date "2010.01.23"]
[Round "1"]
[White "Mantovani, Sofia"]
[Black "Bonoli, Luciano"]
[Result "0-1"]
[WhiteElo "1359"]
[BlackElo "1771"]
[PlyCount "90"]
[EventDate "2010.01.23"]
[EventType "swiss"]
[EventRounds "6"]
[EventCountry "ITA"]
[SourceTitle "EXT 2024"]
[Source "ChessBase"]
[SourceDate "2023.10.10"]
[SourceVersion "1"]
[SourceVersionDate "2023.10.10"]
[SourceQuality "1"]

1. d4 e5 2. d5 Bc5 3. f3 Bxg1 4. Rxg1 Qh4+ 5. g3 Qxh2 6. Be3 d6 7. c4 Ne7 8. Qa4+ Bd7 9. Qb4 b6 10. Qc3 Nf5 11. g4 Nxe3 12. Qxe3 Qh4+ 13. Kd1 Na6 14. g5 Qxc4 15. Nd2 Qxd5 16. Rh1 Qd4 17. Qb3 Ba4 18. Bg2 Bxb3+ 19. axb3 Nb4 20. f4 Qxb2 21. Rb1 Qc2+ 22. Ke1 d5 23. fxe5 c6 24. Rh4 a5 25. Rh3 Qf5 26. Rc1 0-0 27. Rcc3 Qxe5 28. Rce3 Nc2+ 29. Kd1 Nxe3+ 30. Ke1 Nxg2+ 31. Kf1 Ne3+ 32. Kf2 Rae8 33. Nf3 Nd1+ 34. Kg2 Qxe2+ 35. Kg3 Qf2+ 36. Kg4 Ne3+ 37. Kf4 Qg2 38. Rg3 Qxg3+ 39. Kxg3 Nf5+ 40. Kg4 g6 41. Kh3 a4 42. b4 Re3 43. Kg2 Rxf3 44. Kxf3 Re8 45. Kf4 a3 0-1

[Event "Porto Sant Elpidio op-B 12th"]
[Site "Porto Sant Elpidio"]
[Date "2009.11.29"]
[Round "6"]
[White "Binci, Filippo"]
[Black "Bonoli, Luciano"]
[Result "1-0"]
[WhiteElo "1793"]
[BlackElo "1766"]
[PlyCount "44"]
[EventDate "2009.11.21"]
[EventType "swiss"]
[EventRounds "6"]
[EventCountry "ITA"]
[SourceTitle "EXT 2024"]
[Source "ChessBase"]
[SourceDate "2023.10.10"]
[SourceVersion "1"]
[SourceVersionDate "2023.10.10"]
[SourceQuality "1"]

1. c4 Nf6 2. g3 c6 3. Bg2 e6 4. Nc3 d5 5. cxd5 exd5 6. d3 Bc5 7. Nf3 0-0 8. 0-0 Bg4 9. Qc2 Nbd7 10. b3 Bxf3 11. Bxf3 Bd6 12. Bb2 Qc7 13. Rac1 h5 14. Nxd5 Nxd5 15. Bxd5 h4 16. Bg2 Rac8 17. e4 Qd8 18. Qd2 Ne5 19. d4 Ng6 20. Rcd1 Bc7 21. Rfe1 Qe7 22. f4 Rcd8 1-0

[Event "Porto Sant Elpidio op-B 12th"]
[Site "Porto Sant Elpidio"]
[Date "2009.11.22"]
[Round "3"]
[White "Gasparroni, Daniele"]
[Black "Bonoli, Luciano"]
[Result "1-0"]
[WhiteElo "1760"]
[BlackElo "1766"]
[PlyCount "53"]
[EventDate "2009.11.21"]
[EventType "swiss"]
[EventRounds "6"]
[EventCountry "ITA"]
[SourceTitle "EXT 2024"]
[Source "ChessBase"]
[SourceDate "2023.10.10"]
[SourceVersion "1"]
[SourceVersionDate "2023.10.10"]
[SourceQuality "1"]

1. Nf3 Nc6 2. b3 Nf6 3. Bb2 e6 4. e3 Be7 5. d4 d5 6. Bd3 Nb4 7. Be2 0-0 8. 0-0 a6 9. c4 c5 10. Nc3 h6 11. a3 Nc6 12. Bd3 cxd4 13. exd4 Bd6 14. Qe2 dxc4 15. bxc4 Bb8 16. Rfd1 Qc7 17. Ne4 Ng4 18. h3 Nh2 19. Ne5 f6 20. Nxc6 bxc6 21. Ng3 f5 22. d5 g6 23. d6 Qxd6 24. Bxf5 Qf4 25. Bxe6+ Bxe6 26. Qxe6+ Kh7 27. Rd7+ 1-0

[Event "Falconara Marche Estate op-B 3rd"]
[Site "Falconara Marittima"]
[Date "2008.06.??"]
[Round "4"]
[White "Faini, Marco"]
[Black "Bonoli, Luciano"]
[Result "1-0"]
[WhiteElo "1871"]
[BlackElo "1795"]
[PlyCount "77"]
[EventDate "2008.06.21"]
[EventType "swiss"]
[EventRounds "4"]
[EventCountry "ITA"]
[SourceTitle "EXT 2010"]
[Source "ChessBase"]
[SourceDate "2010.11.25"]
[SourceVersion "1"]
[SourceVersionDate "2010.11.25"]
[SourceQuality "1"]

1. c4 Nf6 2. g3 g6 3. Bg2 Bg7 4. Nc3 c6 5. e4 d6 6. Nge2 Nbd7 7. d3 0-0 8. h3 Ne5 9. f4 Ned7 10. Be3 e5 11. 0-0 exf4 12. Nxf4 Ne5 13. Qd2 Be6 14. b3 Qc8 15. Nxe6 Qxe6 16. d4 Ned7 17. Rad1 Nb6 18. d5 cxd5 19. exd5 Qd7 20. Bh6 Nh5 21. Bxg7 Nxg7 22. Rf6 Nh5 23. Ne4 Qe7 24. Qd4 Rae8 25. Bf3 Qe5 26. Rxd6 f5 27. Qxe5 Rxe5 28. Bxh5 Rxe4 29. Bf3 Re3 30. Kf2 Rc3 31. Re6 Rd8 32. d6 Nd7 33. Bd5 Kf8 34. b4 b6 35. Re7 Rc2+ 36. Kf3 Rc3+ 37. Kf4 g5+ 38. Kxf5 Ne5 39. Kxg5 1-0

[Event "Porto Sant Elpidio op-A 9th"]
[Site "Porto Sant Elpidio"]
[Date "2006.11.19"]
[Round "2"]
[White "Bonoli, Luciano"]
[Black "Cesarini, Leopoldo"]
[Result "0-1"]
[WhiteElo "1850"]
[BlackElo "1930"]
[PlyCount "114"]
[EventDate "2006.11.18"]
[EventType "swiss"]
[EventRounds "6"]
[EventCountry "ITA"]
[SourceTitle "EXT 2011"]
[Source "ChessBase"]
[SourceDate "2010.11.26"]
[SourceVersion "1"]
[SourceVersionDate "2010.11.26"]
[SourceQuality "1"]

1. c4 Nf6 2. g3 g6 3. Bg2 Bg7 4. Nc3 0-0 5. Nf3 d6 6. 0-0 e5 7. d3 h6 8. Bd2 a5 9. Rb1 c6 10. a3 Re8 11. b4 axb4 12. axb4 e4 13. dxe4 Nxe4 14. Nxe4 Rxe4 15. c5 Bf5 16. Re1 Na6 17. Nh4 Rxh4 18. gxh4 Bxb1 19. Qxb1 dxc5 20. Rd1 Qxh4 21. b5 Nb4 22. bxc6 bxc6 23. Bxb4 cxb4 24. Bxc6 Rb8 25. Qb3 Qg4+ 26. Kf1 Bc3 27. Rd3 Rf8 28. Rg3 Qf5 29. Bd5 Kg7 30. h4 h5 31. Bf3 Rd8 32. Rg5 Qh3+ 33. Bg2 Qxh4 34. Rg3 Qf4 35. e3 Qd6 36. Bf3 Be5 37. Rg1 Qd3+ 38. Qxd3 Rxd3 39. Bxh5 Rd2 40. f4 Bf6 41. f5 g5 42. Bf3 b3 43. Be4 b2 44. Ke1 Rh2 45. Bb1 Kf8 46. Be4 Ke7 47. Bb1 Kd6 48. Kf1 Kc5 49. Rg2 Rxg2 50. Kxg2 Kc4 51. Kf3 Be5 52. Ke2 Kc3 53. e4 f6 54. Bd3 g4 55. Bb1 g3 56. Kf3 Kd2 57. Kg2 Kc1 0-1

[Event "Ancona Province-ch"]
[Site "Castelfidardo"]
[Date "2002.02.03"]
[Round "6"]
[White "Marconi, Mauro"]
[Black "Bonoli, Luciano"]
[Result "1/2-1/2"]
[WhiteElo "1452"]
[BlackElo "1702"]
[PlyCount "35"]
[EventDate "2002.01.26"]
[EventType "swiss"]
[EventRounds "6"]
[EventCountry "ITA"]
[SourceTitle "EXT 2024"]
[Source "ChessBase"]
[SourceDate "2023.10.10"]
[SourceVersion "1"]
[SourceVersionDate "2023.10.10"]
[SourceQuality "1"]

1. e4 d6 2. d4 Nf6 3. Nc3 g6 4. f3 Bg7 5. Be3 c6 6. Qd2 h6 7. Bd3 Nbd7 8. Nge2 Qa5 9. a3 Rb8 10. b4 Qc7 11. Na4 a6 12. c4 c5 13. 0-0 cxd4 14. Bxd4 0-0 15. Rfc1 b6 16. Nf4 Bb7 17. Nd5 Bxd5 18. cxd5 1/2-1/2

[Event "Ancona Province-ch"]
[Site "Castelfidardo"]
[Date "2002.02.03"]
[Round "5"]
[White "Mircoli, Filippo"]
[Black "Bonoli, Luciano"]
[Result "1/2-1/2"]
[WhiteElo "1555"]
[BlackElo "1702"]
[PlyCount "31"]
[EventDate "2002.01.26"]
[EventType "swiss"]
[EventRounds "6"]
[EventCountry "ITA"]
[SourceTitle "EXT 2024"]
[Source "ChessBase"]
[SourceDate "2023.10.10"]
[SourceVersion "1"]
[SourceVersionDate "2023.10.10"]
[SourceQuality "1"]

1. e4 g6 2. d4 Bg7 3. f4 b6 4. Nf3 Bb7 5. Bd3 d6 6. 0-0 Nc6 7. c3 e5 8. d5 Nce7 9. Ng5 h6 10. Nf3 exf4 11. Bxf4 g5 12. Be3 Bc8 13. Nd4 Bd7 14. Nd2 g4 15. Bb5 Bxb5 16. Nxb5 1/2-1/2

[Event "Ancona Province-ch"]
[Site "Castelfidardo"]
[Date "2002.02.02"]
[Round "4"]
[White "Bonoli, Luciano"]
[Black "Padovani, Alessio"]
[Result "1-0"]
[WhiteElo "1702"]
[BlackElo "1725"]
[PlyCount "53"]
[EventDate "2002.01.26"]
[EventType "swiss"]
[EventRounds "6"]
[EventCountry "ITA"]
[SourceTitle "EXT 2024"]
[Source "ChessBase"]
[SourceDate "2023.10.10"]
[SourceVersion "1"]
[SourceVersionDate "2023.10.10"]
[SourceQuality "1"]

1. d4 f5 2. Bg5 g6 3. Nc3 Bg7 4. e4 d6 5. Bc4 Nf6 6. Bxf6 Bxf6 7. Bb3 Nc6 8. Nge2 Na5 9. Ba4+ Bd7 10. exf5 Bxa4 11. Nxa4 Qd7 12. Nac3 Qxf5 13. 0-0 0-0 14. Ng3 Qf4 15. Nd5 Qh4 16. Nxc7 Rac8 17. Ne6 Rf7 18. c3 Nc6 19. Qe2 Nd8 20. Rae1 Nxe6 21. Qxe6 Rc7 22. Ne4 Bg7 23. Re3 Kf8 24. Rh3 Qf4 25. Rf3 Qxf3 26. gxf3 Rxf3 27. Ng5 1-0

[Event "Ancona Province-ch"]
[Site "Castelfidardo"]
[Date "2002.01.26"]
[Round "1"]
[White "Baleani, Emanuele"]
[Black "Bonoli, Luciano"]
[Result "1/2-1/2"]
[WhiteElo "1569"]
[BlackElo "1702"]
[PlyCount "114"]
[EventDate "2002.01.26"]
[EventType "swiss"]
[EventRounds "6"]
[EventCountry "ITA"]
[SourceTitle "EXT 2024"]
[Source "ChessBase"]
[SourceDate "2023.10.10"]
[SourceVersion "1"]
[SourceVersionDate "2023.10.10"]
[SourceQuality "1"]

1. e4 g6 2. d4 Bg7 3. Nf3 d6 4. Be2 Nf6 5. Nc3 0-0 6. 0-0 c6 7. Be3 Nbd7 8. Qd2 Ng4 9. Bf4 e5 10. Bg5 Ngf6 11. Rad1 Qa5 12. a3 Re8 13. dxe5 Nxe5 14. Nxe5 dxe5 15. Bc4 Bg4 16. Be2 Rad8 17. Qe3 Bxe2 18. Qxe2 Rd4 19. Qf3 Re6 20. h3 h6 21. Be3 Rdd6 22. Rxd6 Rxd6 23. Rd1 Re6 24. Rd3 Qc7 25. Qd1 b6 26. Qd2 Kh7 27. f3 Bf8 28. b4 Rd6 29. Rxd6 Qxd6 30. Bxh6 Qxd2 31. Bxd2 a5 32. Na4 axb4 33. axb4 Nd7 34. c4 b5 35. cxb5 cxb5 36. Nb2 Nb8 37. Nd3 Nc6 38. Kf2 f6 39. g3 Kg7 40. f4 exf4 41. gxf4 Kf7 42. Kf3 Bh6 43. Bc3 Bf8 44. Kg4 Ne7 45. h4 Bg7 46. f5 gxf5+ 47. exf5 Bh6 48. Kf3 Nxf5 49. Kg4 Ne3+ 50. Kh5 Bf8 51. Nc5 Nd5 52. Ne4 Bxb4 53. Bxb4 Nxb4 54. Nd6+ Kg7 55. Nxb5 Nd5 56. Nd6 Kh7 57. Kg4 Ne7 1/2-1/2

[Event "Castelfidardo op 5th"]
[Site "Castelfidardo"]
[Date "2001.11.24"]
[Round "4"]
[White "Bonoli, Luciano"]
[Black "Bruno, Fabio"]
[Result "0-1"]
[WhiteElo "1723"]
[BlackElo "2264"]
[PlyCount "54"]
[EventDate "2001.11.17"]
[EventType "swiss"]
[EventRounds "6"]
[EventCountry "ITA"]
[SourceTitle "EXT 2007"]
[Source "ChessBase"]
[SourceDate "2006.11.23"]
[SourceVersion "1"]
[SourceVersionDate "2006.11.23"]
[SourceQuality "1"]

1. c4 e6 2. Nc3 c5 3. Qb3 b6 4. e4 Nc6 5. Nf3 d6 6. a3 g6 7. g3 Bg7 8. d3 Nge7 9. Bg2 Ne5 10. Nxe5 dxe5 11. Qd1 Nc6 12. Be3 0-0 13. 0-0 Bb7 14. h4 h6 15. Qd2 Kh7 16. Rad1 Qe7 17. f4 exf4 18. Bxf4 Ne5 19. Qe2 Rad8 20. Be3 Ba6 21. Nb5 Nc6 22. Nc3 Rd7 23. Qf2 Rfd8 24. h5 g5 25. e5 Nxe5 26. Rde1 Ng4 27. Be4+ Kg8 0-1

[Event "Porto Sant Elpidio op 4th"]
[Site "Porto Sant Elpidio"]
[Date "2001.11.03"]
[Round "4"]
[White "Iaconi, Andrea"]
[Black "Bonoli, Luciano"]
[Result "1-0"]
[WhiteElo "1650"]
[BlackElo "1723"]
[PlyCount "71"]
[EventDate "2001.11.01"]
[EventType "swiss"]
[EventRounds "6"]
[EventCountry "ITA"]
[SourceTitle "EXT 2024"]
[Source "ChessBase"]
[SourceDate "2023.10.10"]
[SourceVersion "1"]
[SourceVersionDate "2023.10.10"]
[SourceQuality "1"]

1. d4 Nf6 2. c4 e6 3. Nc3 b6 4. Bg5 Bb7 5. e3 Be7 6. Nf3 h6 7. Bh4 0-0 8. Bd3 Nc6 9. a3 d6 10. 0-0 Na5 11. b4 Nc6 12. Qc2 Nh5 13. Bxe7 Qxe7 14. Rad1 Nb8 15. Be4 d5 16. cxd5 Nf6 17. d6 Bxe4 18. dxe7 Bxc2 19. exf8Q+ Kxf8 20. Rc1 Bd3 21. Rfd1 Ba6 22. d5 Bb7 23. dxe6 fxe6 24. Nb5 Na6 25. Nxc7 Nxc7 26. Rxc7 Bd5 27. Rdc1 a6 28. Rc8+ Rxc8 29. Rxc8+ Ke7 30. Rc7+ Kf8 31. Ra7 a5 32. bxa5 b5 33. Nd4 Bc4 34. Rb7 Ne4 35. a6 Nd6 36. a7 1-0